| 000 | 00580nam a2200181 a 4500 | ||
|---|---|---|---|
| 001 | 000036751 | ||
| 003 | OSt | ||
| 005 | 20220308123301.0 | ||
| 008 | 120127s1999 dr 000 0 spa d | ||
| 040 |
_aDO-SdBNP _bspa _cBNPHU |
||
| 110 | 2 |
_aBanco Central de la República Dominicana _942873 |
|
| 245 | 1 | 0 |
_aInforme de la economía dominicana : _benero-diciembre 1998./ _cBanco Central |
| 260 |
_aSanto Domingo : _bBanco Central de la República Dominicana, _c1999. |
||
| 300 |
_a72 p. ; _c28 cm. |
||
| 500 | _aIncluye anexos | ||
| 590 | _aInventariado, 2020/ YL | ||
| 942 |
_2ddc _cLBS1 |
||
| 999 |
_c36242 _d36242 |
||